000 00671nam a22001937a 4500
999 _c61824
_d61824
005 20240521101952.0
008 240521s2005 enk||||| |||| 00| 0 eng d
020 _a9780761974758x
041 _aeng
080 _a31:61 S-30
100 _aScott, Ian
_922131
245 _aStatistics for Health Care Professionals:
_bAn Introduction /
_cIan Scott, Deborah Mazhindu.
264 _aLos Angeles :
_b SAGE Publications,
_c2005.
300 _a241 p.:
_bill.;
_c25 cm.
653 _aსტატისტიკა ჯანდაცვაში
653 _aმედიცინა
700 _aMazhindu, Deborah
_eავტორი
_922132
942 _2udc
_cᲬᲘᲒᲜᲘ